Statistics for Top 10 Most Viewed Capital Cities on Wikipedia

Click here to take the quiz!

General Stats

  • This quiz has been taken 438 times
  • The average score is 7 of 10

Answer Stats

ViewsCity% Correct
39 mParis
98%
39 mWashington D.C.
97%
65 mLondon
96%
29 mRome
87%
27 mTokyo
87%
23 mBerlin
86%
25 mAmsterdam
51%
23 mJerusalem
31%
68 mSingapore
29%
27 mMonaco
10%

Score Distribution

Percentile by Number Answered

Percent of People with Each Score

Your Score History

You have not taken this quiz